| Tag |
First Indicator |
Second Indicator |
Subfields |
| LEADER |
00000cam a2200000Ia 4500 |
| 001 |
in00002106708 |
| 005 |
20151102180220.0 |
| 008 |
050424s2005 enk b 001 0 eng d |
| 020 |
|
|
|a 140394427X (pbk.)
|
| 024 |
3 |
|
|a 9781403944276
|
| 035 |
|
|
|a (OCoLC)ocm59755313
|
| 040 |
|
|
|a EQO
|c EQO
|d BAKER
|d CIN
|d UtOrBLW
|
| 049 |
|
|
|a TXAM
|
| 050 |
|
4 |
|a HN385.5
|b .L485 2005
|
| 100 |
1 |
|
|a Levitas, Ruth,
|d 1949-
|
| 245 |
1 |
4 |
|a The inclusive society? :
|b social exclusion and New Labour /
|c Ruth Levitas.
|
| 250 |
|
|
|a 2nd ed.
|
| 264 |
|
1 |
|a Basingstoke :
|b Palgravae Macmillan,
|c 2005.
|
| 300 |
|
|
|a xv, 277 pages ;
|c 23 cm.
|
| 336 |
|
|
|a text
|b txt
|2 rdacontent
|
| 337 |
|
|
|a unmediated
|b n
|2 rdamedia
|
| 338 |
|
|
|a volume
|b nc
|2 rdacarrier
|
| 500 |
|
|
|a Previous edition: 1998.
|
| 504 |
|
|
|a Includes bibliographical references.
|
| 651 |
|
0 |
|a Great Britain
|x Social policy
|y 1979-
|
| 650 |
|
0 |
|a Marginality, Social
|x Government policy
|z Great Britain.
|
| 650 |
|
0 |
|a Poverty
|x Government policy
|z Great Britain.
|
| 650 |
|
0 |
|a Labor policy
|z Great Britain.
|
| 651 |
|
0 |
|a Great Britain
|x Social conditions
|y 1945-
|
| 610 |
2 |
0 |
|a Labour Party (Great Britain)
|
| 945 |
|
|
|i PromptCat
|
| 947 |
|
|
|a A14833178481
|
| 994 |
|
|
|a 92
|b TXA
|
| 948 |
|
|
|a cataloged
|b h
|c 2006/1/24
|d c
|e rbarron
|f 5:28:44 pm
|
| 999 |
|
|
|a MARS
|
| 999 |
f |
f |
|s 5bf50683-2d77-3eeb-b60f-667adb7edf28
|i ef6e1f06-3b36-3b3b-871b-bad94b7474e8
|t 0
|
| 952 |
f |
f |
|p ric
|a Texas A&M University
|b Rellis Campus
|c Joint Library Facility
|d Remote Storage
|t 0
|e HN385.5 .L485 2005
|h Library of Congress classification
|i unmediated -- volume
|m A14833178481
|
| 998 |
f |
f |
|a HN385.5 .L485 2005
|t 0
|l Remote Storage
|